| 000 | 00825cam a2200289 i 4500 | ||
|---|---|---|---|
| 001 | 200453832 | ||
| 999 |
_c200453832 _d72044 |
||
| 003 | TR-AnTOB | ||
| 005 | 20241121152002.0 | ||
| 007 | ta | ||
| 008 | 790917t19931985enka 001 0 eng d | ||
| 020 | _a0862838487 | ||
| 040 |
_aDLC _beng _erda _cDLC _dDLC _dTR-AnTOB |
||
| 041 | 0 | _atur | |
| 050 | 4 |
_aDA630 _b.L363 1993 |
|
| 090 |
_aDA630 _b.L363 1993 |
||
| 245 | 0 | 0 | _aLandscapes of Britain. |
| 264 | 1 |
_a[Place of publication not identified] : _bCoombe Books, _c1993. |
|
| 264 | 4 | _c©1985 | |
| 300 |
_a158 pages : _billustrations ; _c22x29 cm |
||
| 336 |
_atext _btxt _2rdacontent |
||
| 337 |
_aunmediated _bn _2rdamedia |
||
| 338 |
_avolume _bnc _2rdacarrier |
||
| 500 | _aİncludes index. | ||
| 651 | 0 |
_aGreat Britain _xDescription and travel _9128703 |
|
| 942 |
_2lcc _cBK |
||